Дело о представляющихся его величеству государю императору гражданских и военных чинах, а также некоторых иностранных подданных ...

Доступно только в Электронных читальных залах Найти на картеНа карте
RUSMARC
00003706nmc2a22002413x 450
001234c7bdc-0127-48a6-8248-84c0e0fe6286
00520251102212730.0
100##$a20250701l18981898k l0rusy0189 ca
1010#$arus
102##$aRU
105##$ay###
1222#$ad
2001#$aДело о представляющихся его величеству государю императору гражданских и военных чинах, а также некоторых иностранных подданных в приемные дни за май, июнь, июль, август и декабрь
$j25 апреля - 24 декабря 1898 г.
$hТом 3
215##$a474 л.
$d36,5х26 см
251##$cДело
300##$aНа бланке обложки указано: "Экспедиции церемониальных дел; №19"
371##$aДокумент не является опубликованным и широко распространяемым
461#0$10011beca410-31e9-4f28-916a-592ca9443f69
$12001
$aЦеремониальная часть Министерства императорского двора
$1251
$cФонд
$1852
$j473
462#0$1001a54d7da2-27dc-4d4e-832c-8830aaafd738
$12001
$aЦеремониальная часть Министерства императорского двора
$1251
$cОпись
$1852
$j3
801#0$aRU
$bРГИА
$c20250701
$gRCR
801#1$aRU
$bГлавНИВЦ
$c20250701
$2rusmarc
801#2$aRU
$bПБ им. Б.Н. Ельцина
$c20251102
$gRCR
$2rusmarc
850##$aРГИА
852##$aРГИА
$eФедеральное казенное учреждение "Российский государственный исторический архив" (РГИА)
$j977
937##$hРГИА
$d12427197
$aASBIBLIO_SCAN
035##$aRusGRCC00087048
856##$uhttp://readingroom.main.prlib.ru/item.aspx?id_node=n198887111&mode=full
Формат отображения